Detalles MARC
| 000 -LIDER |
| fixed length control field |
00868nam a22002777a 4500 |
| 003 - IDENTIFICACDOR DE NÚMERO DE CONTROL |
| control field |
DO-SdBPM |
| 005 - DATE AND TIME OF LATEST TRANSACTION |
| control field |
20250318123838.0 |
| 008 - ELEMENTOS DE LONGITUD FIJA |
| fixed length control field |
210426b 2011 ch 00| 0 spa d |
| 020 ## - ISBN |
| International Standard Book Number |
9787802003040 |
| 040 ## - FUENTE DE CATALOGACIÓN |
| Agencia que crea de manera original el registro |
DO-SdBPM |
| Idioma de catalogación |
spa |
| Agencia que realiza la transcripción |
BPMSU |
| 082 #4 - NÚMERO DE CLASIFICACIÓN DECIMAL DE DEWEY |
| Classification number |
495.11 |
| Item number |
Z63r 2011 |
| Edition number |
22 |
| 092 ## - LOCALLY ASSIGNED DEWEY DECIMAL CALL NUMBER |
| Número de clasificación |
|
| 100 1# - ASIENTO PRINCIPAL -- NOMBRE PERSONAL |
| Nombre personal |
Zhang Pengpeng |
| Fechas asociadas con el nombre |
|
| 245 10 - MENCIÓN DE TITULO |
| Título |
Rápido aprendizaje del chino : |
| Subtítulo |
nuevos enfoques para el aprendizaje del chino / |
| Mención de responsabilidad |
Zhang Pengpeng. |
| 260 ## - PUBLICACIÓN, DISTRIBUCIÓN, ETC. (PIE DE IMPRENTA) |
| Lugar de publicación, distribución, etc |
República Popular, China : |
| Nombre del editor, distribuidor, etc. |
Sonolingua, |
| Fecha de publicación, distribución, etc |
2011 |
| Nombre del editor, distribuidor, etc. |
|
| 300 ## - DESCRIPCIÓN FÍSICA |
| Extensión |
viii, 136 p. |
| Otros detalles físicos |
ils. ; |
| Dimensiones |
26 cm. |
| 490 0# - MENCIÓN DE SERIES |
| Mención de serie |
|
| 500 ## - NOTA GENERAL |
| Materiales especificados |
|
| 590 ## - NOTA LOCAL |
| Texto de la nota local |
Inventariado, 2023/VM |
| 650 #4 - ENCABEZAMIENTO DE MATERIA--TEMÁTICO |
| Término temático o nombre geográfico como elemento de entrada |
Chino |
| Subdivisión temática general |
Enseñanza |
| -- |
Estudiantes extranjeros |
| Fuente del encabezamiento o término |
|
| 650 #4 - ENCABEZAMIENTO DE MATERIA--TEMÁTICO |
| Término temático o nombre geográfico como elemento de entrada |
Cuentos infantiles chinos |
| 650 #4 - ENCABEZAMIENTO DE MATERIA--TEMÁTICO |
| Término temático o nombre geográfico como elemento de entrada |
Libros ilustrados para niños |
| Subdivisión de forma |
|
| 710 2# - ASIENTO SECUNDARIO -- NOMBRE CORPORATIVO |
| Nombre corporativo o de jurisdicción |
Sinolingua |
| 910 ## - VALIDACIÓN |
| Validación |
VMateo V. Control de calidad. BPMSU |
| 942 ## - ADDED ENTRY ELEMENTS (KOHA) |
| Source of classification or shelving scheme |
Dewey Decimal Classification |
| Koha item type |
Libros |